000 00605nam a22001697a 4500
003 OSt
005 20171010095455.0
008 120629t xxu||||| |||| 00| 0 eng d
040 _aMMSU
_cULS
100 _aPascua, Maria Elena Faith B.
_910932
245 _aProfile, motives and behaviors of Goin' Bulilit viewers of Paoay, Ilocos Norte
_cMaria Elena Faith B. Pascua
260 _c2008
300 _axiii, 66 leaves
_c28 cm.
500 _aThesis (AB English Studies) -- Mariano Marcos State University-College of Arts and Sciences, Batac City
504 _aBibliography: 60-62
942 _2ddc
_cTHEDIS
999 _c9615
_d9615